{"text_format":"1","workbook":"xlsx","n_sheets":1,"sheets":["Invoice"],"not_rendered":{"charts":0,"images":4,"macros":1,"external_links":0,"defined_names":2,"comments":0,"pivot_tables":0},"unopened":[],"bounds":{"document_bytes":16777216,"sheet_cells":100000,"rows_first":2000,"rows_last":500,"rows_between":2000,"halvings":0,"cell_chars":16384,"cell_head_chars":4096},"cells_cut":0,"cells_raw":0,"read":"whole","date_system":"1900"}

{"sheet":"Invoice","index":0,"n_rows":143,"n_cols":9,"rows_kept":143,"cut":false,"hidden":false,"merged":[[140,6,140,7],[141,6,141,7],[142,6,142,7],[0,0,0,1],[1,0,1,1],[8,0,10,1],[5,4,5,5],[7,4,10,8]]}
[]
[]
[]
[]
[]
["Expeditor ",null,null,null,"Ship-To Address :",null,null,"Date: ","2024-08-26"]
[]
["YAZAKI MOROCCO S.A",null,null,null,"Yazaki Morocco S.A\nIlot 101, Zone Franche\n90000 Tanger-Aerport"]
["Nippon Express Lot n°38 / Extension TAC2- \n(lot 38-A) Free Zone Automotive City 90060 TANGER"]
[]
[]
[]
[" INVOICE N°:",455308387731481]
["TU :",6500027831]
["INCOTERM :","EXW"]
["PART NUMBER","QTY","UNIT OF MEASURE","DESIGNATION","ORIGIN","NET WEIGHT","WEIGHT TOTAL","PRICE/UNIT"," VALUE"]
["70392878",520,"PC","Shrink Tube 10mm L:40mm  TR","DE",5.2999999999999998E-4,0.27560000000000001,1.6458513987481063E-2,8.5584272734901532]
["70393210",17196,"PC","Shrink Tube 5.75mm L:50mm  B","CZ",4.7899999999999999E-4,8.2368839999999999,1.1466819942593715E-2,197.1834357328415]
["70393211",2214,"PC","Shrink Tube 7.5mm L:50mm  B","CZ",7.1999999999999994E-4,1.5940799999999999,1.4341645905538597E-2,31.752404034862455]
["70393212",4068,"PC","Shrink Tube 4.85mm L:65mm  B","CZ",1.598E-3,6.5006640000000004,2.6342645688076871E-2,107.1618826590967]
["70393215",976,"PC","Shrink Tube 3.45mm L:30mm  B","CZ",1E-3,0.97599999999999998,9.9148109481601923E-3,9.6768554854043476]
["71196542",350,"PC","Connector (IH) 26p MCON+NanoMQS Natural","CH",4.5799999999999999E-3,1.603,4.2408645772895971E-2,14.843026020513589]
["71236367",100,"PC","Connector 6p 250 M-LC Natural","JP",5.6799999999999993E-3,0.56799999999999995,3.5730495442778239E-2,3.5730495442778238]
["71275048",4383,"PC","Mini-Fuse Natural","MX",5.9999999999999995E-4,2.6297999999999999,1.9283711755836503E-2,84.520508625831397]
["71576611",500,"PC","TPA","CN",1.2999999999999999E-3,0.65,4.0784450313605079E-2,20.392225156802539]
["71583060",20000,"PC","Cavity Seal / Blind Plug White","AT",8.9999999999999992E-5,1.7999999999999998,1.896970063370693E-2,379.39401267413859]
["71719272",1380,"PC","UPPER SUPPORT","MA",0.23580000000000001,325.404,1.1230228804023672,1549.7715749552667]
["72274154",150,"PC","Maxi Fuse 80 A Natural","MX",1.0800000000000001E-2,1.62,0.10215467574291151,15.323201361436727]
["72275382",2987,"PC","Fuse 10 A Red","MX",1.3700000000000001E-3,4.0921900000000004,1.8717950337516838E-2,55.910517658162796]
["72275422",2046,"PC","Fuse 10 A Red","MX",5.0000000000000001E-4,1.0230000000000001,1.6848320897710878E-2,34.471664556716455]
["72275697",850,"PC","Fuse 35 A","IT",1E-3,0.85,0.124654294508144,105.9561503319224]
["72741840",502,"PC","Connector (OH) 40p MQS White","CN",8.3499999999999998E-3,4.1917,0.11407266109086382,57.264475867613641]
["72768599",3744,"PC","Channel","MA",0.20899999999999999,782.49599999999998,1.8117674765687248,6783.2574322733062]
["72830198",1600,"PC","Connector 8p 025 Natural","BE",1.7290000000000001E-3,2.7664,5.0089285633720462E-2,80.142857013952735]
["72830642",600,"PC","Connector 12p 025 Natural","BE",3.7099999999999998E-3,2.226,7.1082914275865994E-2,42.649748565519594]
["72833936",935,"PC","Connector 2p NSCC White","US",1.6999999999999999E-3,1.5894999999999999,3.5035700718526026E-2,32.758380171821834]
["72861633",700,"PC","Connector 12p 025 Natural","KR",3.7000000000000002E-3,2.5900000000000003,0.1705071369855474,119.35499588988318]
["72868671",400,"PC","NS-CS 6P HOUSING MALE SUB ASSEMBLY","CN",6.4000000000000003E-3,2.56,7.4602906768473642E-2,29.841162707389458]
["72868675",600,"PC","Connector 8p Other Natural","CN",7.4000000000000003E-3,4.4400000000000004,6.4763891608413698E-2,38.858334965048222]
["72878063",600,"PC","Connector 8p 090 NS Natural","CN",4.2900000000000004E-3,2.5740000000000003,5.3461295873370507E-2,32.076777524022305]
["73753162",420,"PC","SQUIB AK11 PLUS CABLE ASSY 90 DEG","CZ",0.47537400000000002,199.65708000000001,0.70186358382337422,294.78270520581719]
["73753163",140,"PC","SQUIB AK11 PLUS CABLE ASSY 90 DEG","CZ",0.50858400000000004,71.201760000000007,0.75426554332496276,105.59717606549479]
["74755068",50,"PC","REAR CAMERA RHD L6535","PT",0.13100000000000001,6.5500000000000007,4.1217451799743925,206.08725899871962]
["74755084",100,"PC","REAR CAMERA LHD L6745","PT",0.13500000000000001,13.5,4.389911580603858,438.99115806038583]
["7035272430",120,"PC","Pass Through Grommet (Material TPE)","ES",1.84E-2,2.2080000000000002,0.16233292217126058,19.479950660551271]
["7047019630",81000,"PC","Band Clip 165mm","GB",2.2420000000000001E-3,181.602,2.0123781740614181E-2,1630.0263209897487]
["7047160830",9704,"PC","Tape Clip","JP",2E-3,19.408000000000001,1.2339373836557211E-2,119.74128370995118]
["7047304830",991,"PC","Band Clip 140mm","FR",1.8E-3,1.7838000000000001,1.8952556348303305E-2,18.781983341168576]
["7047350930",100,"PC","Cable Tie 202mm","GB",1.4E-3,0.13999999999999999,1.4903798000615389E-2,1.4903798000615389]
["7047376430",4000,"PC","Cable Tie 100mm","SG",2.9999999999999997E-4,1.2,3.8186639909550363E-3,15.274655963820145]
["7047393830",3150,"PC","Band Clip 140mm","FR",1.155E-3,3.6382499999999998,1.414042613474867E-2,44.542342324458311]
["7047797530",11000,"PC","Band Clip 168.2mm","DE",1.3500000000000001E-3,14.850000000000001,1.5039147622222965E-2,165.43062384445261]
["7052412730",1503,"PC","Clamp","FR",5.0000000000000001E-3,7.5150000000000006,0.11122400272142974,167.16967609030888]
["7052765630",502,"PC","Band Clip 137.5mm","FR",1.1000000000000001E-3,0.55220000000000002,2.8373792343001206E-2,14.243643756186605]
["7075209730",640,"PC","DASHBOARD GROMMET","MA",0.35010000000000002,224.06400000000002,1.9031753923559949,1218.0322511078366]
["7114687702",2200,"PC","Terminal NG1 Male othermm Sealed","DE",2E-3,4.4000000000000004,8.9696194239339638E-2,197.33162732654719]
["7116252902",4500,"PC","Terminal MCP Female 4.8+6.3mm Sealed","CH",1.1000000000000001E-3,4.95,3.4371585241838198E-2,154.67213358827189]
["7119176730",259,"PC","Modular Connector housing 26p Black","BE",2.1000000000000003E-3,0.54390000000000005,7.4659753609548823E-2,19.336876184873145]
["7119644560",717,"PC","Connector (IH) 20p MQS Green","CN",1.665E-3,1.193805,3.504743101906535E-2,25.129008040669856]
["7147854430",400,"PC","Connector Clip","FR",1.1000000000000001E-3,0.44,5.550778215207703E-2,22.203112860830814]
["7147859830",500,"PC","Connector Clip","FR",3.5999999999999999E-3,1.8,5.6150241689307649E-2,28.075120844653824]
["7147860530",197,"PC","Clamp","FR",2.7200000000000002E-3,0.53584000000000009,4.0815129561169457E-2,8.0405805235503838]
["7154058530",604,"PC","RELAY 70A HOLDER","CZ",1.9E-2,11.475999999999999,0.30862691418202359,186.41065616594224]
["7154780630",51,"PC","Cover","IT",8.0000000000000002E-3,0.40800000000000003,9.7629486727164941E-2,4.9791038230854117]
["7158312090",9878,"PC","Single Wire Seal Blue","TH",7.0000000000000007E-5,0.69146000000000007,1.47097968763112E-2,145.30337354420203]
["7158316780",20000,"PC","Single Wire Seal Brown","JP",2.3999999999999998E-4,4.8,2.2964319132751814E-3,45.928638265503629]
["7158335470",5000,"PC","Single Wire Seal Yellow","DE",2.0999999999999998E-4,1.0499999999999998,2.4963884209301051E-2,124.81942104650525]
["7173273430",2203,"PC","Clamp","DE",4.2000000000000006E-3,9.252600000000001,6.1796125571964948E-2,136.13686463503879]
["7174002430",99,"PC","Delete Cap","DE",7.1700000000000002E-3,0.70982999999999996,7.5374399611636833E-2,7.4620655615520466]
["7174024930",299,"PC","Routing Cover Black","DE",2.3999999999999998E-3,0.7175999999999999,5.7702250683741178E-2,17.252972954438611]
["7174134930",600,"PC","Delete Cap","CN",1.696E-3,1.0176000000000001,1.7138871418761806E-2,10.283322851257084]
["7174195970",1596,"PC","20WSC MODULE HOLDER","DE",8.0000000000000002E-3,12.768000000000001,0.25446721426115804,406.12967396080825]
["7183334230",226,"PC","Connector 6p NSCC+Other Black","US",3.5000000000000001E-3,0.79100000000000004,7.4871801350067352E-2,16.921027105115222]
["7183677930",1530,"PC","Connector 3p MQS Black","HU",8.9999999999999998E-4,1.377,6.8130487863199432E-2,104.23964643069513]
["7187433940",1318,"PC","CONNECTOR","FR",1.6000000000000001E-3,2.1088,3.1738583936165514E-2,41.831453627866146]
["7187435690",1309,"PC","CONNECTOR","FR",1.6000000000000001E-3,2.0944000000000003,3.1730462958869055E-2,41.535176013159592]
["7196007002",90000,"PC","Terminal YESC Female 0.5mm Unsealed","DE",6.4999999999999997E-4,58.5,1.3292235172674536E-2,1196.3011655407081]
["7198396690",300,"PC","Connector (IH) 14p CTS+OCS Blue","MA",3.7339999999999999E-3,1.1201999999999999,4.5683204284988559E-2,13.704961285496568]
["7203800402",200,"PC","M6 SCREW TERMINAL","FR",4.2040000000000001E-2,8.4079999999999995,1.2629166399727134,252.58332799454269]
["7241533130",1405,"PC","Lamp Connector 2p Black","FR",3.3020000000000002E-3,4.63931,9.6940105987777025E-2,136.20084891282673]
["7247015930",2000,"PC","Band Clip Assembly 202mm","DE",2E-3,4,7.5874290880774131E-2,151.74858176154825]
["7247077540",1000,"PC","Band Clip Assembly 200mm","DE",2.9500000000000004E-3,2.95,0.14955230856826271,149.5523085682627]
["7252738130",500,"PC","Band Clip Assembly 160mm","DE",1.1999999999999999E-3,0.6,8.58089531067701E-2,42.904476553385052]
["7273544230",149,"PC","Insulation Plate","MA",1.686E-2,2.51214,0.51048553518593887,76.062344742704894]
["7274049230",198,"PC","Connector (OH) 18p MQS Black","FR",3.5000000000000001E-3,0.69300000000000006,0.16346173801546776,32.365424127062617]
["7274073390",1000,"PC","Connector (OH) 12p MQS Blue","FR",3.8E-3,3.8,0.11829105763096656,118.29105763096656]
["7274193530",113,"PC","Connector (OH) 76p MQS+NanoMQS Black","FR",8.8000000000000005E-3,0.99440000000000006,0.35926932860271371,40.597434132106649]
["7274193860",224,"PC","Connector (OH) 76p MQS+NanoMQS Green","MA",8.8999999999999999E-3,1.9936,0.20599129611699984,46.142050330207965]
["7275192330",107,"PC","Front Door Grommet","MA",3.5000000000000003E-2,3.7450000000000006,0.57291238999459504,61.301625729421666]
["7275210430",802,"PC","PASSEGAINE PIED AV.","ES",4.0399999999999998E-2,32.400799999999997,0.4371269426054441,350.57580796956614]
["7282885330",800,"PC","Connector 4p RH Black","JP",4.0000000000000001E-3,3.2,6.0876650475844153E-2,48.70132038067532]
["7282885430",240,"PC","Connector 12p RH Black","DE",5.79E-3,1.3895999999999999,0.37883366524068329,90.920079657763992]
["7282952730",876,"PC","Connector 1p NG1 Black","FR",8.6899999999999998E-3,7.6124399999999994,0.27944463343261983,244.79349888697496]
["7283067330",1800,"PC","Connector 12p 025 Black","BE",2.2080000000000003E-3,3.9744000000000006,7.0826652325622325E-2,127.48797418612018]
["7283072430",1633,"PC","Connector 2p 375 Black","BE",7.6E-3,12.4108,0.28549927317253193,466.22031309074464]
["7283258930",595,"PC","Connector 52p JPT+MT II Black","DE",2.24E-2,13.327999999999999,0.37305604105966117,221.96834443049841]
["7283310430",1800,"PC","Connector 10p SICMA Black","CN",9.470000000000001E-3,17.046000000000003,0.44962963831874114,809.33334897373402]
["7283334630",208,"PC","Connector 16p Sicma-3 Black","CN",7.1200000000000005E-3,1.4809600000000001,0.26347428041373672,54.80265032605724]
["7283368330",316,"PC","Connector 4p 060 Black","US",2.48E-3,0.78368000000000004,5.427158894139452E-2,17.14982210548067]
["7283368530",350,"PC","Connector 3p 060+110 Black","US",2.3740000000000002E-3,0.83090000000000008,5.1572717486539479E-2,18.050451120288816]
["7283368960",620,"PC","Connector 4p 060 Green","US",2.48E-3,1.5376000000000001,5.442227818678428E-2,33.741812475806256]
["7283374160",1881,"PC","Connector 6p YESC Kaizen Green","MX",1.1300000000000001E-2,21.255300000000002,0.20514400748573641,385.87587808067019]
["7283447730",335,"PC","Connector 1p NG1 Black","FR",6.4390000000000003E-3,2.1570650000000002,0.29108379856006045,97.513072517620245]
["7283520680",62,"PC","FEMALE MODULE 16 W BROWN H=25,W=60,D=27.","CN",1.916E-2,1.1879200000000001,0.18928734814900372,11.73581558523823]
["7283520940",277,"PC","FEMALE MODULE 16 W GRAY H=25,W=60,D=27.9","CN",1.916E-2,5.3073199999999998,0.18894807176417405,52.338615878676215]
["7283570730",70,"PC","FEMALE MODULE 16 W BLACK H=25,W=60,D=27.","CN",1.8120000000000001E-2,1.2684,0.18898957898146704,13.229270528702692]
["7283885030",400,"PC","Connector 6p RH Black","JP",5.7000000000000002E-3,2.2800000000000002,8.5911818819191868E-2,34.364727527676749]
["7283885130",3189,"PC","Connector 2p RH Black","DE",3.79E-3,12.086309999999999,5.680262686545616E-2,181.1435770739397]
["7283885230",2496,"PC","Connector 3p RH Black","DE",4.2000000000000006E-3,10.483200000000002,6.3852537489589356E-2,159.37593357401502]
["7283981130",1800,"PC","Connector 24p 025 Black","BE",3.7240000000000003E-3,6.7032000000000007,8.3198510071365347E-2,149.75731812845763]
["7286930130",592,"PC","Connector 4p 060 Black","FR",5.3E-3,3.1375999999999999,8.4081891935057454E-2,49.776480025554015]
["7287108430",2200,"PC","Connector 40p 025 Black","BE",5.64E-3,12.407999999999999,9.7967860781183885E-2,215.52929371860455]
["7287109240",600,"PC","Connector 40p 025 Gray","BE",5.64E-3,3.3839999999999999,9.8053582208202011E-2,58.832149324921204]
["7287114440",800,"PC","Connector 8p 025 Gray","BE",1.7290000000000001E-3,1.3832,5.0014392176430937E-2,40.011513741144746]
["7287131340",300,"PC","Connector 24p 025 Light Gray","BE",3.6320000000000002E-3,1.0896000000000001,8.3259868566494116E-2,24.977960569948234]
["7287143930",519,"PC","CONNECTOR","CN",7.1999999999999998E-3,3.7367999999999997,0.2311933956603302,119.98937234771138]
["7287147840",1400,"PC","CONNECTOR","BE",2.8E-3,3.92,8.8987864552926677E-2,124.58301037409734]
["7287156930",1200,"PC","Supplier P/N: 0-1379665-1 (S: 1118)","DE",2.8E-3,3.36,8.6353058585632553E-2,103.62367030275907]
["7287431390",297,"PC","CONNECTOR","CN",2.3E-2,6.8309999999999995,0.56226578875894329,166.99293926140615]
["7287882980",1000,"PC","Connector 8p 090 Brown","CN",4.2900000000000004E-3,4.29,5.3516338052824255E-2,53.516338052824253]
["7288251170",444,"PC","Connector 20p MQS Yellow","FR",9.554E-3,4.2419760000000002,0.17854690450903732,79.274825602012569]
["7288840040",200,"PC","Connector 24p 025 Gray","BE",5.9979999999999999E-3,1.1996,0.13517998341515969,27.035996683031939]
["7289016140",200,"PC","Connector 6p RS Light Gray","CN",8.4110000000000001E-3,1.6821999999999999,0.14067968970648081,28.135937941296163]
["7289352140",1300,"PC","Connector 5p RS Light Gray","JP",7.5899999999999995E-3,9.8669999999999991,0.12883840247743947,167.4899232206713]
["7289749740",300,"PC","Connector 2p 375 L Gray","PT",9.2499999999999995E-3,2.7749999999999999,8.8761379519436676E-2,26.628413855831003]
["7289780230",886,"PC","Connector 14p 047 (1.2) Black","PT",6.0599999999999994E-3,5.369159999999999,8.8071998780048746E-2,78.031790919123196]
["7289783730",279,"PC","Connector 4p OCS Black","PT",2.7899999999999999E-3,0.77840999999999994,4.767464838424134E-2,13.301226899203334]
["7289884630",1333,"PC","Connector 2p MCON Black","HU",2.3999999999999998E-3,3.1991999999999998,9.1041569478118936E-2,121.35841211433254]
["7297634530",1194,"PC","Connector 32p 040+110+HFM Black","CH",2.4579999999999998E-2,29.348519999999997,0.43530062504455264,519.74894630319579]
["7298268030",110,"PC","Connector 6p NG1 Black","CH",1.2E-2,1.32,0.38596478563778103,42.456126420155911]
["7298490530",302,"PC","Connector 24p MCON+MCP Black","PT",4.7600000000000003E-2,14.375200000000001,0.71463968577231851,215.8211851032402]
["7298490790",52,"PC","Connector 24p MCON+MCP Blue","PT",4.7600000000000003E-2,2.4752000000000001,0.73785395053963898,38.36840542806123]
["430J91930",2160,"M","Textile/Cloth Tape 19mm B","DE",4.13E-3,8.9207999999999998,2.9729995551509104E-2,64.216790391259664]
["45022R0253000270",300,"PC","Textile Sleeve 19mm B","MA",1.0664999999999999E-2,3.1994999999999996,7.6039417419135377E-2,22.811825225740613]
["45022R0483000060",3500,"PC","Textile Sleeve 5mm B","MA",8.6399999999999997E-4,3.024,9.0061638217680089E-3,31.52157337618803]
["727182333V",3960,"PC","DPE BOX COVER","MA",0.1166,461.73599999999999,0.85030873248688676,3367.2225806480715]
[null,null,null,null,null,null,null,"TOTAL VALUE",27726.478293981178]
[]
[]
[]
[null,null,null,null,null,null,"Gross Weight (KG) ",null,4249.5742539999992]
[null,null,null,null,null,null,"Net Weight (KG) ",null,2823.9842539999995]
[null,null,null,null,null,null,"Volume",null,"69P"]